| 000 | 00583nam a22001937a 4500 | ||
|---|---|---|---|
| 003 | OSt | ||
| 005 | 20240513155306.0 | ||
| 008 | 240513b |||||||| |||| 00| 0 eng d | ||
| 020 | _a0435937014 | ||
| 040 |
_aKMU _beng _cKMU _dKMU _eRDA |
||
| 050 | _aQH 541.5.T7 Ewu | ||
| 100 | _aEwusie Yanney J. | ||
| 245 |
_aElements of Tropical Ecology/ _cJ. Yanney Ewusie. |
||
| 260 |
_aLondon: _bHeineman Educational Books Ltd, _c1980. |
||
| 300 |
_axvi, 205 p.: _bill, some photos; _c24 cm. |
||
| 504 | _aIncludes an Index and Bibliographic references. | ||
| 650 | _aEcology | ||
| 942 |
_2lcc _cBK _n0 |
||
| 999 |
_c1195 _d1195 |
||